| 000 | 00698cac a22002175a 4500 | ||
|---|---|---|---|
| 001 | 2925291 | ||
| 005 | 20151206130731.0 | ||
| 008 | 890404t2014 ii a frb 001 0 eng d | ||
| 020 | _a9789382332718 | ||
| 040 |
_aDLC _cDLC _dEG-ScBUE _beng |
||
| 082 | 0 | 4 |
_a005.1 _222 _bCHO |
| 100 | 1 |
_aChopra, Rajiv. _938836 |
|
| 245 | 0 | 0 |
_aModern software engineering / _cRajiv Chopra. |
| 260 |
_aNew Delhi : _bI. K. International Publishing House Pvt. Ltd., _cc.2014. |
||
| 300 |
_axii, 629 p. : _bill. ; _c24 cm. |
||
| 500 | _aIndex : p. 625-629. | ||
| 504 | _aIncludes bibliographical references. | ||
| 650 | 7 |
_aSoftware engineering. _2BUEsh _93832 |
|
| 653 |
_bCOMSCI _cAugust2015 _cDecember2015 |
||
| 942 | _2ddc | ||
| 999 |
_c20584 _d20556 |
||